Online
Catalog

Astillas de Cortés Blanco / (Record no. 8778)

MARC details
000 -CABECERA
campo de control de longitud fija 00738cam a2200241 a 4500
001 - NÚMERO DE CONTROL
campo de control 000009014
003 - IDENTIFICADOR DEL NÚMERO DE CONTROL
campo de control DO-SdBNP
005 - FECHA Y HORA DE LA ÚLTIMA TRANSACCIÓN
campo de control 20250609125025.0
008 - DATOS DE LONGITUD FIJA--INFORMACIÓN GENERAL
campo de control de longitud fija 000413s1999 es 000 0 spa d
040 ## - FUENTE DE LA CATALOGACIÓN
Centro catalogador/agencia de origen DO-SdBNP
Centro/agencia transcriptor NOC
Centro/agencia modificador DLC
-- BNPHU
082 ## - NÚMERO DE LA CLASIFICACIÓN DECIMAL DEWEY
Número de clasificación 398.9
Número de documento/Ítem E74a
100 1# - ENTRADA PRINCIPAL--NOMBRE DE PERSONA
Nombre de persona Escobar Galindo, David,
Fechas asociadas al nombre 1943-
9 (RLIN) 23346
245 10 - MENCIÓN DE TÍTULO
Título Astillas de Cortés Blanco /
Mención de responsabilidad, etc. David Escobar Galindo.
260 ## - PUBLICACIÓN, DISTRIBUCIÓN, ETC.
Lugar de publicación, distribución, etc. El Salvador :
Nombre del editor, distribuidor, etc. La Prensa Gráfica,
Fecha de publicación, distribución, etc. 1999.
300 ## - DESCRIPCIÓN FÍSICA
Extensión v. 1 ;
Dimensiones 22 cm.
490 1# - MENCIÓN DE SERIE
Mención de serie Astillas
Designación de volumen o secuencia 1
650 #4 - PUNTO DE ACCESO ADICIONAL DE MATERIA--TÉRMINO DE MATERIA
Término de materia o nombre geográfico como elemento de entrada Aforismos y apotegmas
9 (RLIN) 18988
650 #0 - PUNTO DE ACCESO ADICIONAL DE MATERIA--TÉRMINO DE MATERIA
Término de materia o nombre geográfico como elemento de entrada Palabras y frases
9 (RLIN) 10914
651 #4 - PUNTO DE ACCESO ADICIONAL DE MATERIA--NOMBRE GEOGRÁFICO
Nombre geográfico El Salvador
Subdivisión general Palabras Y Frases
9 (RLIN) 23639
830 #0 - PUNTO DE ACCESO ADICIONAL DE SERIE-TÍTULO UNIFORME
Título uniforme Astillas ;
Designación de volumen o secuencia 1
9 (RLIN) 23640
910 ## - DATOS DE OPCIÓN DEL USUARIO (OCLC)
Datos de opción del usuario Catalogación por copia / LC
942 ## - ELEMENTOS DE PUNTO DE ACCESO ADICIONAL (KOHA)
Fuente del sistema de clasificación o colocación Dewey Decimal Classification
Tipo de ítem Koha Libro
Holdings
Estado de retiro Estado de pérdida Restricciones de uso No para préstamo Código de colección Localización permanente Ubicación/localización actual Ubicación en estantería Fecha de adquisición Número de inventario Total de préstamos Signatura topográfica completa Código de barras Fecha visto por última vez Precio válido a partir de Tipo de ítem Koha
    Préstamo interno   Monografías: Libros y Folletos General General En catalogación 22.09.2009 LF1   398.9 E74a 9014-10 25.06.2020 25.06.2020 Préstamo interno

Powered by Koha